000 03139nam a22001817a 4500
003 OSt
005 20201202132048.0
008 201202b 2004 ny ac 00| 0 eng d
040 _aDO-SdBNP
_bspa
_cBNPHU
100 1 _aBernstein, Alice
_977487
245 1 0 _aAesthetic Realism and the answer to racism :
_barticles published nationwide & abroad /
_cAlice Bernstein & others. And, the Equality of man / by Eli Siegel.
260 _aNew York :
_bOrange Angle Press,
_c2004.
300 _axv, 239 p.
_bil.
_c23 cm.
505 0 _tpt. 1. Articles by Alice Bernstein: Aesthetic Realism explains where racism begins-- & what can end it. Two poems by Eli Siegel about Martin Luther King and America. Young and old learn to answer to racism at Brooklyn Children's Museum. George Dawson : the beauty of reading and the answer to racism. Congressman Elijah E. Cummings : a true representative. Children's guide to parents & other matters : a book to celebrate. Art, science, and the answer to racism : the Aesthetic Realism teaching method. The genome and the "equality of man." Bronzeville and Harlem : photography and justice / written with David Bernstein. Words, truth, and the Confederate flag. Freedom & order : the quilt masterpieces of Gee's Bend. Brown vs. Board of Education : what interferes with justice? Court building named for Judge James L. Watson. Jimmy Slyde and the beauty of tap dance. Philip Rose : a Broadway journey against racism. A ceremony of grief and triumph : the African Burial Ground. The art of the world and justice to people --
_tpt. 2. Articles by others: India : the Amritsar massacre / by Christopher Balchin. A conversation between an Israeli and a Palestinian / by Bruce Blaustein. Contempt : the cause of racism / by Edward Green. Where racism begins : in the self of every person--and how it can end / by Ken Kimmelman. Richard Wright, Aesthetic Realism, and the end of racism / by Allan Michael. A Muslim woman's life, and a principle true to all cultures / by Ruth Oron. Israelis and Germans need to study contempt--the cause of hatred and prejudice / by Ruth Oron & Julie Jensen. Contempt must be studied for Mideast terror to end! / by Ruth Oron [and others]. An Aesthetic Realism anthropologist talks about race / by Arnold Perey. The answer to the poverty and prejudice afflicting Native Americans / by Harvey Spears. Aesthetic Realism can end prejudice and racism--a Latino perspective / by Jaime Torres --
_tpt. 3. The Aesthetic Realism teaching method: Brown vs. Board of Education : students learn, prejudice is defeated / by Lois Mason. Prejudice changes to respect / by Barbara McClung. Education for good will : India and New York / by Arnold Perey. Poetry as justice : aesthetics defeats contempt / by Leila Rosen. Every subject is anti-prejudice / by Rosemary A. Plumstead. Teaching English as a second language to Chinese children / by Patricia Martone --
_tpt. 4. The equality of man / Eli Siegel --
_tpt. 5. The rigth of eesthetic realism to be known and two proclamations --
_tBiographical notes --
_tIndex.
590 _aInventariado, 2020 /LP
700 1 _aSiegel, Eli
_977488
942 _2ddc
_cLBS1
999 _c49227
_d49227